[Event "Skudai Kejohanan op"]
[Site "Skudai"]
[Date "2016.02.01"]
[Round "4"]
[White "Jonathan, Augustine Francis"]
[Black "Tan, Jun Feng"]
[Result "1/2-1/2"]
[WhiteElo "1713"]
[BlackElo "1870"]
[PlyCount "69"]
[EventDate "2016.01.31"]
[EventType "swiss"]
[EventRounds "9"]
[EventCountry "MAS"]
[SourceTitle "CBM 170 Extra"]
[Source "ChessBase"]
[SourceDate "2016.02.25"]
[SourceVersion "1"]
[SourceVersionDate "2016.02.25"]
[SourceQuality "1"]

1. d4 d5 2. c4 c6 3. Nf3 Nf6 4. g3 e6 5. Bg2 Be7 6. 0-0 0-0 7. Nc3 b6 8. b3 Bb7 9. Bb2 Nbd7 10. Qc2 c5 11. cxd5 Nxd5 12. Nxd5 Bxd5 13. e4 Bb7 14. Rad1 Qc8 15. d5 exd5 16. exd5 Bf6 17. Bxf6 Nxf6 18. Ne5 Rd8 19. d6 Bxg2 20. Kxg2 Ng4 21. Nxg4 Qxg4 22. Rd5 Qe6 23. Rfd1 Rd7 24. Qf5 Qxf5 25. Rxf5 Re8 26. Rd2 f6 27. f4 Kf7 28. Rfd5 g6 29. Kf3 f5 30. h3 Kf6 31. g4 h6 32. h4 fxg4+ 33. Kxg4 h5+ 34. Kf3 Re6 35. Kf2 1/2-1/2